00878nam a22002297a 4500999001700000008004100017020001900058020001500077050002600092100002000118245008200138250001200220260004000232300002700272500003700299650006700336650003300403650001900436700002800455942003800483952012700521 c15598d15598161102b xxu||||| |||| 00| 0 eng d a9780136103769  a0136103766 aHF 5718.2 .U6T45 2011 aThill, John V.  aExcellence in business communication/cJohn V. Thill and Courtland L. Bovée a9th ed. aBoston : bPrentice Hall, c©2011. axxxvi, 530p. :bill. ; aIncludes bibliography and index. a Business communication xUnited States y Case studies.  aBusiness communication.  aUnited States. aBovée, Courtland L.  2lcccBOOKShHF 5718.2 .U6T45 2011 00102lcc4070aMUCbMUCcGENd2016-11-02eDonation (BFA)l0oHF 5718.2 .U6T45 2011p21616r2019-05-31w2016-11-02yBOOKS